[Event "44th Chess Olympiad Open 2022"]
[Site "Chennai"]
[Date "2022.08.01"]
[Round "4.20"]
[White "Murshed, Niaz"]
[Black "Lima, Darcy"]
[Result "1-0"]
[WhiteElo "2413"]
[BlackElo "2445"]
[Annotator "TA"]
[PlyCount "75"]
[EventDate "2022.07.29"]
[EventType "team-tourn"]
[EventCountry "IND"]
[SourceTitle "playchess.com"]
[Source "ChessBase"]
[SourceQuality "1"]
[WhiteTeam "Bangladesh"]
[BlackTeam "Brazil"]
[WhiteTeamCountry "BAN"]
[BlackTeamCountry "BRA"]

1. d4 d5 2. Nf3 Nf6 3. c4 dxc4 4. e3 b5 5. a4 b4 6. Bxc4 e6 7. Nbd2 Bb7 8. a5
a6 9. O-O Be7 10. Qe2 O-O 11. Nb3 Nbd7 12. Bd2 Qb8 13. Rfc1 Rc8 14. Bd3 c5 15.
dxc5 Nxc5 16. Nxc5 Bxc5 17. h3 Qd6 18. Be1 e5 19. Rd1 Qe7 20. Bc4 h6 21. Rac1
e4 22. Nh4 Kf8 23. Nf5 Qe5 24. Nd4 Bd6 25. g3 Kg8 26. Nc2 Qe7 27. b3 Rd8 28.
Rd4 h5 29. Rcd1 h4 30. Nxb4 hxg3 31. fxg3 Bxb4 32. Bxb4 Qc7 33. Qf2 Rxd4 34.
Rxd4 Bc6 35. Qf4 Qb7 36. Bc3 Nh7 37. Rd6 Rc8 38. Rg6 1-0

[Event "44th Chess Olympiad Open 2022"]
[Site "Chennai"]
[Date "2022.08.01"]
[Round "4.21"]
[White "Kuybokarov, Temur"]
[Black "Mieles Palau, Daniel"]
[Result "1-0"]
[WhiteElo "2583"]
[BlackElo "2364"]
[Annotator "TA"]
[PlyCount "59"]
[EventDate "2022.07.29"]
[EventType "team-tourn"]
[EventCountry "IND"]
[SourceTitle "playchess.com"]
[Source "ChessBase"]
[SourceQuality "1"]
[WhiteTeam "Australia"]
[BlackTeam "Ecuador"]
[WhiteTeamCountry "AUS"]
[BlackTeamCountry "ECU"]

1. e4 c5 2. Nf3 Nc6 3. Bb5 g6 4. O-O Bg7 5. c3 Nf6 6. Re1 O-O 7. d4 cxd4 8.
cxd4 d5 9. e5 Ne4 10. Nc3 Nxc3 11. bxc3 Bf5 12. Bxc6 bxc6 13. Ba3 Re8 14. Nd2
Qa5 15. Bb4 Qa6 16. Nb3 Qa4 17. g4 Bc8 18. Qf3 a5 19. Nc5 Qb5 20. a4 Qc4 21.
Ba3 Rb8 22. h4 Bh6 23. Bc1 Bf8 24. h5 Rb3 25. hxg6 hxg6 26. Nxb3 Qxb3 27. Kg2
Be6 28. Rh1 Bg7 29. Qh3 Qc2 30. Qh7+ 1-0

[Event "44th Chess Olympiad Open 2022"]
[Site "Chennai"]
[Date "2022.08.01"]
[Round "4.21"]
[White "Matamoros Franco, Carlos S."]
[Black "Smirnov, Anton"]
[Result "0-1"]
[WhiteElo "2459"]
[BlackElo "2600"]
[Annotator "TA"]
[PlyCount "84"]
[EventDate "2022.07.29"]
[EventType "team-tourn"]
[EventCountry "IND"]
[SourceTitle "playchess.com"]
[Source "ChessBase"]
[SourceQuality "1"]
[WhiteTeam "Ecuador"]
[BlackTeam "Australia"]
[WhiteTeamCountry "ECU"]
[BlackTeamCountry "AUS"]

1. Nf3 d5 2. g3 Nd7 3. c4 dxc4 4. Bg2 e5 5. Qa4 Bd6 6. Qxc4 Ngf6 7. d3 O-O 8.
O-O h6 9. Nbd2 c6 10. b3 Re8 11. Bb2 Qe7 12. Qc2 Ba3 13. Bxa3 Qxa3 14. Nc4 Qc5
15. e3 Qe7 16. e4 c5 17. a3 b6 18. Nh4 g6 19. Qd2 Kh7 20. f4 Ba6 21. Nf3 Bxc4
22. bxc4 Rad8 23. Rae1 Nh5 24. Bh3 exf4 25. gxf4 Nf8 26. e5 Ne6 27. Re4 Nhg7
28. Kh1 Nf5 29. Kg1 Qd7 30. Rd1 Qa4 31. Qc1 Rd7 32. Kf2 Red8 33. Bf1 a6 34. Be2
Qc6 35. h4 b5 36. h5 b4 37. Qc2 a5 38. Bf1 Ned4 39. Nxd4 Nxd4 40. Qc1 f5 41.
Re3 gxh5 42. Bg2 Qg6 0-1

[Event "44th Chess Olympiad Open 2022"]
[Site "Chennai"]
[Date "2022.08.01"]
[Round "4.21"]
[White "Noboa Silva, Kevin"]
[Black "Cheng, Bobby"]
[Result "0-1"]
[WhiteElo "2304"]
[BlackElo "2540"]
[Annotator "TA"]
[PlyCount "80"]
[EventDate "2022.07.29"]
[EventType "team-tourn"]
[EventCountry "IND"]
[SourceTitle "playchess.com"]
[Source "ChessBase"]
[SourceQuality "1"]
[WhiteTeam "Ecuador"]
[BlackTeam "Australia"]
[WhiteTeamCountry "ECU"]
[BlackTeamCountry "AUS"]

1. d4 d5 2. c4 e6 3. Nc3 Nf6 4. cxd5 exd5 5. Bg5 Bb4 6. e3 h6 7. Bxf6 Qxf6 8.
Qa4+ Nc6 9. Bb5 O-O 10. Nge2 a5 11. O-O Ne7 12. Bd7 c6 13. Bxc8 Rfxc8 14. Rac1
Bd6 15. Qc2 Bc7 16. a3 h5 17. e4 dxe4 18. Nxe4 Qg6 19. Nc5 Qd6 20. g3 Rab8 21.
Rcd1 Rd8 22. Rfe1 Qf6 23. Qe4 Nf5 24. d5 Bb6 25. b4 cxd5 26. Qf3 g6 27. Nf4
Bxc5 28. bxc5 d4 29. Re4 Rbc8 30. Nd3 b6 31. cxb6 Qxb6 32. g4 hxg4 33. Rxg4 Kf8
34. Nf4 Rc3 35. Qe4 Re8 36. Qd5 Qc6 37. Qxc6 Rxc6 38. Ng2 d3 39. Nf4 Rc1 40.
Rxc1 d2 0-1

[Event "44th Chess Olympiad Open 2022"]
[Site "Chennai"]
[Date "2022.08.01"]
[Round "4.22"]
[White "Peralta, Fernando"]
[Black "Greet, Andrew N"]
[Result "1-0"]
[WhiteElo "2591"]
[BlackElo "2392"]
[Annotator "TA"]
[PlyCount "117"]
[EventDate "2022.07.29"]
[EventType "team-tourn"]
[EventCountry "IND"]
[SourceTitle "playchess.com"]
[Source "ChessBase"]
[SourceQuality "1"]
[WhiteTeam "Argentina"]
[BlackTeam "Scotland"]
[WhiteTeamCountry "ARG"]
[BlackTeamCountry "SCO"]

1. d4 e6 2. c4 f5 3. g3 Nf6 4. Bg2 d5 5. Nh3 Bd6 6. O-O O-O 7. Qc2 c6 8. Nf4
Qe7 9. Nd3 b6 10. Bf4 Ba6 11. Nd2 Ne4 12. cxd5 cxd5 13. Rfc1 Nd7 14. Bxd6 Qxd6
15. Nf3 Rfc8 16. Qa4 Bxd3 17. exd3 Nef6 18. Rc3 Rxc3 19. bxc3 Rc8 20. c4 Rc7
21. Qb3 h6 22. a4 g5 23. Re1 Kg7 24. Qc3 dxc4 25. dxc4 Ne4 26. Qc1 Qb4 27. Bf1
Ndf6 28. Qa1 g4 29. Nh4 Qd2 30. Re2 Qg5 31. d5 exd5 32. cxd5 Kf7 33. Qe5 Re7
34. Qxf5 Qxf5 35. Nxf5 Re5 36. Nxh6+ Kg7 37. d6 Kxh6 38. Bg2 Rd5 39. Bxe4 Rxd6
40. Bc2 Rc6 41. Kg2 a6 42. Bd3 a5 43. Bb5 Rd6 44. h3 gxh3+ 45. Kxh3 Nd5 46. Rc2
Kg7 47. Rc8 Kf6 48. Kg2 Ke5 49. Rc4 Nf6 50. Rc2 Ne4 51. f4+ Kf6 52. g4 Nc5 53.
Kf3 Nb3 54. Rc8 Nd4+ 55. Ke4 Ne6 56. g5+ Ke7 57. Ke5 Rd8 58. Rxd8 Nxd8 59. g6
1-0

[Event "44th Chess Olympiad Open 2022"]
[Site "Chennai"]
[Date "2022.08.01"]
[Round "4.22"]
[White "Tristan, Leonardo"]
[Black "Tate, Alan"]
[Result "1-0"]
[WhiteElo "2558"]
[BlackElo "2313"]
[Annotator "TA"]
[PlyCount "49"]
[EventDate "2022.07.29"]
[EventType "team-tourn"]
[EventCountry "IND"]
[SourceTitle "playchess.com"]
[Source "ChessBase"]
[SourceQuality "1"]
[WhiteTeam "Argentina"]
[BlackTeam "Scotland"]
[WhiteTeamCountry "ARG"]
[BlackTeamCountry "SCO"]

1. d4 d5 2. c4 e6 3. Nc3 c5 4. cxd5 cxd4 5. Qa4+ Bd7 6. Qxd4 exd5 7. Qxd5 Nf6
8. Qd1 Bc5 9. Nf3 Nc6 10. e3 O-O 11. Be2 Qe7 12. a3 Rac8 13. O-O Rfd8 14. Qc2
Ne5 15. Nd4 Ng6 16. Rd1 h5 17. b4 Bd6 18. Bb2 Ng4 19. Bxg4 Bxg4 20. Nf5 Qg5 21.
Rxd6 Bxf5 22. Rxd8+ Rxd8 23. Ne4 Qg4 24. f3 Bxe4 25. Qc3 1-0

[Event "44th Chess Olympiad Open 2022"]
[Site "Chennai"]
[Date "2022.08.01"]
[Round "4.22"]
[White "Olson, Hamish"]
[Black "Krysa, Leandro"]
[Result "0-1"]
[WhiteElo "2343"]
[BlackElo "2515"]
[Annotator "TA"]
[PlyCount "56"]
[EventDate "2022.07.29"]
[EventType "team-tourn"]
[EventCountry "IND"]
[SourceTitle "playchess.com"]
[Source "ChessBase"]
[SourceQuality "1"]
[WhiteTeam "Scotland"]
[BlackTeam "Argentina"]
[WhiteTeamCountry "SCO"]
[BlackTeamCountry "ARG"]

1. d4 Nf6 2. Nf3 d5 3. c4 e6 4. g3 dxc4 5. Bg2 Bb4+ 6. Bd2 a5 7. Qc2 Bxd2+ 8.
Nbxd2 b5 9. O-O O-O 10. b3 cxb3 11. Nxb3 Bb7 12. Rfc1 Be4 13. Qxc7 Nbd7 14.
Qxd8 Rfxd8 15. a4 b4 16. Nfd2 Bxg2 17. Kxg2 Nd5 18. Nc4 Nc3 19. e3 Ra6 20.
Ncxa5 Rda8 21. Nc4 Rxa4 22. Rxa4 Rxa4 23. Rc2 f5 24. Nc1 b3 25. Rxc3 Rxc4 26.
Rxc4 b2 27. Rc8+ Kf7 28. Rc7 Ke8 0-1

[Event "44th Chess Olympiad Open 2022"]
[Site "Chennai"]
[Date "2022.08.01"]
[Round "4.22"]
[White "Waldhausen Gordon, Frederick"]
[Black "Flores, Diego"]
[Result "0-1"]
[WhiteElo "2028"]
[BlackElo "2528"]
[Annotator "TA"]
[PlyCount "58"]
[EventDate "2022.07.29"]
[EventType "team-tourn"]
[EventCountry "IND"]
[SourceTitle "playchess.com"]
[Source "ChessBase"]
[SourceQuality "1"]
[WhiteTeam "Scotland"]
[BlackTeam "Argentina"]
[WhiteTeamCountry "SCO"]
[BlackTeamCountry "ARG"]

1. e4 c6 2. d4 d5 3. Nc3 dxe4 4. Nxe4 Nf6 5. Nxf6+ gxf6 6. c3 Bf5 7. Bc4 e6 8.
Ne2 Nd7 9. Ng3 Bg6 10. h4 h6 11. h5 Bh7 12. Be3 Nb6 13. Bb3 a5 14. O-O Rg8 15.
a4 Nd5 16. Qd2 Nxe3 17. Qxe3 Qc7 18. Ne4 Bxe4 19. Qxe4 f5 20. Qe3 Rg5 21. Bd1
Bd6 22. Bf3 Bh2+ 23. Kh1 Bf4 24. Qe2 Qe7 25. Rfe1 Rxh5+ 26. Kg1 Rh1+ 27. Kxh1
Qh4+ 28. Kg1 Qh2+ 29. Kf1 Qh1# 0-1

[Event "44th Chess Olympiad Open 2022"]
[Site "Chennai"]
[Date "2022.08.01"]
[Round "4.23"]
[White "Blomqvist, Erik"]
[Black "Cawdery, Daniel"]
[Result "1-0"]
[WhiteElo "2521"]
[BlackElo "2417"]
[Annotator "TA"]
[PlyCount "115"]
[EventDate "2022.07.29"]
[EventType "team-tourn"]
[EventCountry "IND"]
[SourceTitle "playchess.com"]
[Source "ChessBase"]
[SourceQuality "1"]
[WhiteTeam "Sweden"]
[BlackTeam "South Africa"]
[WhiteTeamCountry "SWE"]
[BlackTeamCountry "RSA"]

1. e4 c5 2. Nf3 e6 3. d4 cxd4 4. Nxd4 Nf6 5. Nc3 Nc6 6. Nxc6 bxc6 7. e5 Nd5 8.
Ne4 Qc7 9. f4 Qb6 10. c4 Bb4+ 11. Ke2 Ba6 12. Kf3 f5 13. exf6 Nxf6 14. c5 Qa5
15. Nd6+ Ke7 16. Bxa6 Qxa6 17. Be3 Raf8 18. Qd4 Ba5 19. f5 h6 20. Bf4 Rhg8 21.
Qc4 Qxc4 22. Nxc4 Ne8 23. Nxa5 Rxf5 24. Kg3 Rxc5 25. Bd2 Rd5 26. Rad1 Nd6 27.
Rhe1 Rf8 28. h3 Rff5 29. Bb4 Rxd1 30. Rxd1 c5 31. Be1 Ne4+ 32. Kh2 d5 33. Nc6+
Kd7 34. Nxa7 Rf1 35. g4 Rf8 36. Nb5 Rb8 37. a4 c4 38. Kg2 Nc5 39. Bg3 Rb7 40.
Be5 Nxa4 41. Ra1 Nc5 42. Nd6 Rb6 43. Ra7+ Kc6 44. Nf7 Nd3 45. Bd4 Rb3 46. Nd8+
Kb5 47. Nxe6 Kc6 48. Bxg7 Kd6 49. Ra6+ Ke7 50. Bxh6 Rxb2+ 51. Kg3 c3 52. Nd4 c2
53. Rc6 Nb4 54. Rc7+ Ke8 55. h4 Ra2 56. h5 Ra3+ 57. Kh4 Ra6 58. Bd2 1-0

[Event "44th Chess Olympiad Open 2022"]
[Site "Chennai"]
[Date "2022.08.01"]
[Round "4.23"]
[White "Westerberg, Jonathan"]
[Black "Kobese, Watu"]
[Result "1/2-1/2"]
[WhiteElo "2476"]
[BlackElo "2311"]
[Annotator "TA"]
[PlyCount "76"]
[EventDate "2022.07.29"]
[EventType "team-tourn"]
[EventCountry "IND"]
[SourceTitle "playchess.com"]
[Source "ChessBase"]
[SourceQuality "1"]
[WhiteTeam "Sweden"]
[BlackTeam "South Africa"]
[WhiteTeamCountry "SWE"]
[BlackTeamCountry "RSA"]

1. e4 e5 2. Nf3 Nc6 3. Nc3 Nf6 4. Be2 d5 5. exd5 Nxd5 6. O-O Nxc3 7. bxc3 e4 8.
Ne1 Bd6 9. f3 Bf5 10. fxe4 Bxe4 11. Nf3 O-O 12. d4 h6 13. Bd3 Re8 14. Rb1 b6
15. Bxe4 Rxe4 16. Qd3 Qe7 17. Bd2 Re8 18. Rf2 Bf4 19. Bxf4 Rxf4 20. g3 Rf6 21.
Rbf1 Qd7 22. c4 Qd6 23. Kg2 Rfe6 24. Qd2 Re4 25. c3 Na5 26. Ne5 Nxc4 27. Nxc4
Qd5 28. Nxb6 axb6 29. Kg1 Re3 30. Rxf7 Qxf7 31. Rxf7 Kxf7 32. Kf2 R3e6 33. Qd3
R8e7 34. a4 g6 35. h4 Kg7 36. c4 Rf6+ 37. Kg2 Rfe6 38. Kf2 Rf6+ 1/2-1/2

[Event "44th Chess Olympiad Open 2022"]
[Site "Chennai"]
[Date "2022.08.01"]
[Round "4.23"]
[White "Solomon, Kenny"]
[Black "Grandelius, Nils"]
[Result "0-1"]
[WhiteElo "2355"]
[BlackElo "2655"]
[Annotator "TA"]
[PlyCount "68"]
[EventDate "2022.07.29"]
[EventType "team-tourn"]
[EventCountry "IND"]
[SourceTitle "playchess.com"]
[Source "ChessBase"]
[SourceQuality "1"]
[WhiteTeam "South Africa"]
[BlackTeam "Sweden"]
[WhiteTeamCountry "RSA"]
[BlackTeamCountry "SWE"]

1. d4 Nf6 2. Nf3 d5 3. c3 Bf5 4. Qb3 Qc8 5. c4 e6 6. cxd5 exd5 7. Nc3 c6 8. Bf4
Be7 9. e3 O-O 10. Be2 b5 11. O-O a5 12. a4 b4 13. Nb1 Nbd7 14. Rc1 Qb7 15. Nbd2
c5 16. dxc5 Nxc5 17. Qd1 Nfe4 18. Nd4 Bd7 19. Nxe4 dxe4 20. Bc4 Rac8 21. b3 Qb6
22. Rc2 Qg6 23. Rac1 Nd3 24. Bxd3 exd3 25. Rc7 Rxc7 26. Rxc7 Rd8 27. Qd2 h6 28.
Rc1 Bf6 29. Bc7 Re8 30. Nb5 Be6 31. Nd6 Bc3 32. Qa2 d2 33. Rd1 Bd5 34. e4 Rxe4
0-1

[Event "44th Chess Olympiad Open 2022"]
[Site "Chennai"]
[Date "2022.08.01"]
[Round "4.23"]
[White "Barrish, Daniel"]
[Black "Hillarp Persson, Tiger"]
[Result "0-1"]
[WhiteElo "2283"]
[BlackElo "2516"]
[Annotator "TA"]
[PlyCount "68"]
[EventDate "2022.07.29"]
[EventType "team-tourn"]
[EventCountry "IND"]
[SourceTitle "playchess.com"]
[Source "ChessBase"]
[SourceQuality "1"]
[WhiteTeam "South Africa"]
[BlackTeam "Sweden"]
[WhiteTeamCountry "RSA"]
[BlackTeamCountry "SWE"]

1. d4 Nf6 2. c4 e6 3. Nc3 Bb4 4. Qc2 c5 5. dxc5 O-O 6. Nf3 Na6 7. a3 Bxc3+ 8.
Qxc3 Nxc5 9. b4 Nce4 10. Qd4 d6 11. Bb2 e5 12. Qe3 Bf5 13. h3 b5 14. g4 Bg6 15.
Rd1 bxc4 16. Nxe5 dxe5 17. Rxd8 Rfxd8 18. Bxe5 c3 19. Bg2 c2 20. O-O Rd1 21.
Bb2 h6 22. f4 Re8 23. f5 Nd2 24. Qc3 Bxf5 25. gxf5 Nxf1 26. Bxf1 Rxe2 27. Qc4
Ree1 28. Qxc2 Rxf1+ 29. Kg2 Nd5 30. Qc8+ Kh7 31. f6 Nf4+ 32. Kg3 Rd3+ 33. Kg4
Ng6 34. fxg7 Rf4+ 0-1

[Event "44th Chess Olympiad Open 2022"]
[Site "Chennai"]
[Date "2022.08.01"]
[Round "4.24"]
[White "Laurusas, Tomas"]
[Black "Tologontegin, Semetey"]
[Result "1-0"]
[WhiteElo "2561"]
[BlackElo "2378"]
[Annotator "TA"]
[PlyCount "151"]
[EventDate "2022.07.29"]
[EventType "team-tourn"]
[EventCountry "IND"]
[SourceTitle "playchess.com"]
[Source "ChessBase"]
[SourceQuality "1"]
[WhiteTeam "Lithuania"]
[BlackTeam "Kyrgyzstan"]
[WhiteTeamCountry "LTU"]
[BlackTeamCountry "KGZ"]

1. d4 Nf6 2. c4 e6 3. Nf3 Bb4+ 4. Bd2 Qe7 5. g3 Bxd2+ 6. Qxd2 Nc6 7. Nc3 d5 8.
cxd5 exd5 9. Qf4 O-O 10. Bg2 Re8 11. O-O a6 12. Rac1 Na7 13. Nd2 c6 14. e4 dxe4
15. Ndxe4 Nxe4 16. Nxe4 Nb5 17. Rfe1 Be6 18. Nc5 Rad8 19. d5 cxd5 20. a4 Na7
21. Nxe6 fxe6 22. Rc7 Qf6 23. Qxf6 gxf6 24. Rxb7 Nc6 25. Rb6 Nd4 26. Rd1 Nc2
27. Bh3 Kf7 28. Rc1 Nd4 29. Rc7+ Re7 30. Rcb7 a5 31. b4 axb4 32. Rxb4 Nf3+ 33.
Kg2 Ne1+ 34. Kf1 Nd3 35. R4b5 Rc8 36. Rxe7+ Kxe7 37. Rb7+ Kd6 38. Rb6+ Kc5 39.
Rxe6 Rb8 40. Bf5 Rb1+ 41. Kg2 Ne1+ 42. Kh3 Ra1 43. Rxf6 d4 44. Bxh7 d3 45. Bxd3
Nxd3 46. a5 Kd4 47. g4 Rxa5 48. Kh4 Ra2 49. Kg3 Ke5 50. Rf3 Ke4 51. h4 Ra1 52.
Rf8 Ne5 53. Rf4+ Kd5 54. h5 Ke6 55. f3 Rg1+ 56. Kh4 Rf1 57. Kg3 Rg1+ 58. Kh3
Rd1 59. Rf5 Rc1 60. Kg3 Rb1 61. Rf8 Ke7 62. Rf4 Ke6 63. Rf5 Ra1 64. Kf4 Nf7 65.
Rb5 Ra4+ 66. Kg3 Ra3 67. Rb6+ Ke7 68. h6 Ne5 69. Kf4 Nxf3 70. h7 Ra8 71. Kxf3
Kf7 72. Rh6 Rh8 73. Kf4 Kf8 74. Kg5 Kg7 75. Rg6+ Kf7 76. Kh6 1-0

[Event "44th Chess Olympiad Open 2022"]
[Site "Chennai"]
[Date "2022.08.01"]
[Round "4.24"]
[White "Pultinevicius, Paulius"]
[Black "Abdyjapar, Asyl"]
[Result "1-0"]
[WhiteElo "2539"]
[BlackElo "2306"]
[Annotator "TA"]
[PlyCount "51"]
[EventDate "2022.07.29"]
[EventType "team-tourn"]
[EventCountry "IND"]
[SourceTitle "playchess.com"]
[Source "ChessBase"]
[SourceQuality "1"]
[WhiteTeam "Lithuania"]
[BlackTeam "Kyrgyzstan"]
[WhiteTeamCountry "LTU"]
[BlackTeamCountry "KGZ"]

1. d4 Nf6 2. c4 g6 3. Nc3 Bg7 4. e4 d6 5. Nf3 O-O 6. Be2 e5 7. O-O Nc6 8. Be3
Ng4 9. Bg5 f6 10. Bh4 g5 11. Bg3 Nh6 12. dxe5 fxe5 13. Nd5 g4 14. Bh4 Qd7 15.
Nd2 Nd4 16. f3 c6 17. Ne7+ Kh8 18. Nxc8 Raxc8 19. fxg4 Rxf1+ 20. Nxf1 Nxe2+ 21.
Qxe2 Nxg4 22. Rd1 Rf8 23. h3 Bf6 24. Qxg4 Qxg4 25. Bxf6+ Rxf6 26. hxg4 1-0

[Event "44th Chess Olympiad Open 2022"]
[Site "Chennai"]
[Date "2022.08.01"]
[Round "4.24"]
[White "Degenbaev, Aziz"]
[Black "Kazakouski, Valery"]
[Result "0-1"]
[WhiteElo "2215"]
[BlackElo "2528"]
[Annotator "TA"]
[PlyCount "66"]
[EventDate "2022.07.29"]
[EventType "team-tourn"]
[EventCountry "IND"]
[SourceTitle "playchess.com"]
[Source "ChessBase"]
[SourceQuality "1"]
[WhiteTeam "Kyrgyzstan"]
[BlackTeam "Lithuania"]
[WhiteTeamCountry "KGZ"]
[BlackTeamCountry "LTU"]

1. Nf3 Nf6 2. c4 e6 3. g3 d5 4. b3 d4 5. Bg2 c5 6. e3 Nc6 7. exd4 cxd4 8. O-O
Bd6 9. d3 O-O 10. Na3 e5 11. Nc2 a5 12. Re1 h6 13. Bb2 Re8 14. a3 Qc7 15. Qd2
Rb8 16. Rac1 Bf5 17. b4 b6 18. Re2 axb4 19. Nxb4 Na5 20. Rce1 Nb3 21. Qd1 Nc5
22. h3 Rbc8 23. g4 Bd7 24. Nd2 Ne6 25. Ne4 Nxe4 26. Nd5 Qa7 27. Rxe4 b5 28.
cxb5 Bxb5 29. R4e2 Bc6 30. Rc2 Ba8 31. Bc1 Rxc2 32. Qxc2 Bxd5 33. Bxd5 Qa5 0-1

[Event "44th Chess Olympiad Open 2022"]
[Site "Chennai"]
[Date "2022.08.01"]
[Round "4.25"]
[White "Pelletier, Yannick"]
[Black "Saraci, Korab"]
[Result "1/2-1/2"]
[WhiteElo "2551"]
[BlackElo "2287"]
[Annotator "TA"]
[PlyCount "97"]
[EventDate "2022.07.29"]
[EventType "team-tourn"]
[EventCountry "IND"]
[SourceTitle "playchess.com"]
[Source "ChessBase"]
[SourceQuality "1"]
[WhiteTeam "Switzerland"]
[BlackTeam "Kosovo"]
[WhiteTeamCountry "SUI"]
[BlackTeamCountry "KOS"]

1. d4 Nf6 2. c4 e6 3. Nf3 d5 4. Nc3 c5 5. cxd5 cxd4 6. Qxd4 exd5 7. Bg5 Be7 8.
e3 Nc6 9. Qa4 O-O 10. Be2 Be6 11. O-O Nd7 12. Bxe7 Qxe7 13. Rfd1 Nb6 14. Qb5
Rfd8 15. Nd4 Ne5 16. Na4 Nxa4 17. Qxa4 Bg4 18. Bxg4 Nxg4 19. Ne2 Nxe3 20. fxe3
Qxe3+ 21. Kf1 Rd6 22. Qd4 Rf6+ 23. Ke1 Qh6 24. h3 Re8 25. Rd2 Qg5 26. Qg1 d4
27. Rxd4 Qc5 28. Rad1 h6 29. a3 Rfe6 30. Qf2 Rxe2+ 31. Qxe2 Rxe2+ 32. Kxe2 Qb5+
33. R1d3 Qxb2+ 34. Kf3 a5 35. a4 b5 36. axb5 Qxb5 37. Rd5 Qa6 38. Rd6 Qb7+ 39.
Kg3 a4 40. Rd7 Qb2 41. Kh2 Qe5+ 42. Kh1 Qa5 43. Ra3 Qb4 44. Ra1 Qb2 45. Rxa4
Qb1+ 46. Kh2 Qb8+ 47. Kh1 Qb1+ 48. Kh2 Qb8+ 49. Kh1 1/2-1/2

[Event "44th Chess Olympiad Open 2022"]
[Site "Chennai"]
[Date "2022.08.01"]
[Round "4.25"]
[White "Saraci, Nderim"]
[Black "Bogner, Sebastian"]
[Result "1/2-1/2"]
[WhiteElo "2495"]
[BlackElo "2545"]
[Annotator "TA"]
[PlyCount "47"]
[EventDate "2022.07.29"]
[EventType "team-tourn"]
[EventCountry "IND"]
[SourceTitle "playchess.com"]
[Source "ChessBase"]
[SourceQuality "1"]
[WhiteTeam "Kosovo"]
[BlackTeam "Switzerland"]
[WhiteTeamCountry "KOS"]
[BlackTeamCountry "SUI"]

1. d4 Nf6 2. c4 e6 3. Nf3 d5 4. g3 Bb4+ 5. Bd2 Be7 6. Bg2 O-O 7. O-O c6 8. b3
b6 9. Qc2 Nbd7 10. Rd1 a5 11. Bc3 Bb7 12. Nbd2 c5 13. dxc5 Bxc5 14. Qb2 b5 15.
cxb5 Qb6 16. e3 Qxb5 17. Ne5 Nxe5 18. Bxe5 Be7 19. Rac1 Rfc8 20. Nb1 Qb4 21.
Bc3 Qb5 22. Be5 Qb4 23. Bc3 Qb5 24. Be5 1/2-1/2

[Event "44th Chess Olympiad Open 2022"]
[Site "Chennai"]
[Date "2022.08.01"]
[Round "4.25"]
[White "Baenziger, Fabian"]
[Black "Asllani, Muhamet"]
[Result "1-0"]
[WhiteElo "2451"]
[BlackElo "2235"]
[Annotator "TA"]
[PlyCount "91"]
[EventDate "2022.07.29"]
[EventType "team-tourn"]
[EventCountry "IND"]
[SourceTitle "playchess.com"]
[Source "ChessBase"]
[SourceQuality "1"]
[WhiteTeam "Switzerland"]
[BlackTeam "Kosovo"]
[WhiteTeamCountry "SUI"]
[BlackTeamCountry "KOS"]

1. d4 Nf6 2. c4 e6 3. Nf3 d5 4. g3 Be7 5. Bg2 O-O 6. O-O c6 7. Qc2 Nbd7 8. Rd1
Ne4 9. b3 b6 10. Nbd2 Nxd2 11. Nxd2 Bb7 12. e4 dxe4 13. Nxe4 Nf6 14. Ng5 Qc7
15. Bf4 Bd6 16. Bxd6 Qxd6 17. c5 Qc7 18. Rac1 b5 19. Rd2 Rfd8 20. h4 Qa5 21.
Nf3 Qa3 22. Ne5 Rac8 23. Re1 Qb4 24. Qb2 Nd7 25. Nd3 Qa5 26. Red1 Nf6 27. Ne5
Nd7 28. Qc2 Nf6 29. Bf3 Qb4 30. Nd3 Qa5 31. Qb2 Nd7 32. Kg2 Nf6 33. Ne5 Nd7 34.
Qc2 Nf6 35. Kh2 Qb4 36. Nd3 Qa5 37. Qb2 Nd7 38. Ne5 Nf6 39. Rd3 Qb4 40. Qe2 Qa5
41. Bg2 Qc7 42. Kg1 Qa5 43. Re1 Nd7 44. Nxf7 Nxc5 45. Nxd8 Rxd8 46. dxc5 1-0

[Event "44th Chess Olympiad Open 2022"]
[Site "Chennai"]
[Date "2022.08.01"]
[Round "4.25"]
[White "Makolli, Perparim"]
[Black "Kurmann, Oliver"]
[Result "0-1"]
[WhiteElo "2247"]
[BlackElo "2463"]
[Annotator "TA"]
[PlyCount "86"]
[EventDate "2022.07.29"]
[EventType "team-tourn"]
[EventCountry "IND"]
[SourceTitle "playchess.com"]
[Source "ChessBase"]
[SourceQuality "1"]
[WhiteTeam "Kosovo"]
[BlackTeam "Switzerland"]
[WhiteTeamCountry "KOS"]
[BlackTeamCountry "SUI"]

1. e4 c5 2. Nf3 Nc6 3. d4 cxd4 4. Nxd4 Nf6 5. Nc3 e5 6. Ndb5 d6 7. Bg5 a6 8.
Na3 b5 9. Nd5 Be7 10. Bxf6 Bxf6 11. c3 Rb8 12. Nc2 Bg5 13. g3 O-O 14. h4 Bh6
15. Bh3 Be6 16. Ncb4 Nxb4 17. Nxb4 Qd7 18. Bg2 a5 19. Nd5 Qb7 20. O-O Bxd5 21.
Qxd5 Qxd5 22. exd5 f5 23. Rfd1 g6 24. Bf1 Rfc8 25. Be2 Rc7 26. Kg2 b4 27. c4 e4
28. b3 a4 29. Rf1 Bg7 30. Rac1 axb3 31. axb3 Ra8 32. Rc2 Bd4 33. Rd1 Bc5 34.
Rdd2 Rca7 35. Rb2 Kg7 36. Bd1 Kf6 37. Bc2 Ra1 38. Bb1 R8a3 39. Ba2 Ke5 40. Re2
Bd4 41. Rbc2 Bc3 42. Kh2 Kd4 43. Kg2 h6 0-1

[Event "44th Chess Olympiad Open 2022"]
[Site "Chennai"]
[Date "2022.08.01"]
[Round "4.26"]
[White "Cordova, Emilio"]
[Black "Rohl Montes, Juan Armando"]
[Result "1-0"]
[WhiteElo "2549"]
[BlackElo "2382"]
[Annotator "TA"]
[PlyCount "53"]
[EventDate "2022.07.29"]
[EventType "team-tourn"]
[EventCountry "IND"]
[SourceTitle "playchess.com"]
[Source "ChessBase"]
[SourceQuality "1"]
[WhiteTeam "Peru"]
[BlackTeam "Venezuela"]
[WhiteTeamCountry "PER"]
[BlackTeamCountry "VEN"]

1. Nf3 Nf6 2. c4 g6 3. g3 Bg7 4. Bg2 O-O 5. O-O c6 6. d4 d5 7. a4 dxc4 8. Na3
Na6 9. Nxc4 Be6 10. b3 Bd5 11. e3 c5 12. Ba3 Rc8 13. Rc1 Rc7 14. Qe2 Qc8 15.
Rfd1 Rd8 16. a5 h6 17. h3 Kf8 18. Ncd2 cxd4 19. exd4 Kg8 20. Qxe7 Rxe7 21. Rxc8
Rxc8 22. Bxe7 Rc2 23. Ne1 Bxg2 24. Nxc2 Bxh3 25. Ne3 Nc7 26. Bxf6 Bxf6 27. Ne4
1-0